[Event "Amager Spring A"]
[Site "Amager"]
[Date "2011.05.24"]
[Round "3"]
[White "Wieth Klitgaard, Peter"]
[Black "Friis, Jordy Ar"]
[Result "1/2-1/2"]
[WhiteElo "2061"]
[BlackElo "1651"]
[PlyCount "55"]
[EventDate "2011.05.10"]
[EventType "tourn"]
[EventRounds "5"]
[EventCountry "DEN"]
[SourceTitle "EXT 2023"]
[Source "ChessBase"]
[SourceDate "2022.10.05"]
[SourceVersion "1"]
[SourceVersionDate "2022.10.05"]
[SourceQuality "1"]

1. d4 d5 2. c4 e6 3. Nc3 Nf6 4. cxd5 exd5 5. Bg5 Nbd7 6. e3 c6 7. Bd3 Be7 8. Qc2 0-0 9. Nge2 Re8 10. 0-0 Nf8 11. f3 Be6 12. Rad1 N6d7 13. Bxe7 Qxe7 14. Nf4 Qg5 15. Rfe1 f5 16. Nxe6 Rxe6 17. f4 Qe7 18. Bxf5 Rxe3 19. Qd2 Re8 20. Rxe3 Qxe3+ 21. Qxe3 Rxe3 22. g3 Kf7 23. Kf2 Re7 24. Bc2 Nf6 25. h3 h5 26. Kf3 Ne6 27. Ne2 Re8 28. Rd3 1/2-1/2

[Event "Amager Spring A"]
[Site "Amager"]
[Date "2011.05.17"]
[Round "2"]
[White "Friis, Jordy Ar"]
[Black "Petersen, Nils"]
[Result "1-0"]
[WhiteElo "1651"]
[BlackElo "2002"]
[PlyCount "135"]
[EventDate "2011.05.10"]
[EventType "tourn"]
[EventRounds "5"]
[EventCountry "DEN"]
[SourceTitle "EXT 2023"]
[Source "ChessBase"]
[SourceDate "2022.10.05"]
[SourceVersion "1"]
[SourceVersionDate "2022.10.05"]
[SourceQuality "1"]

1. d4 Nf6 2. c4 e6 3. Nc3 Bb4 4. Qc2 0-0 5. Bg5 h6 6. Bh4 c5 7. Nf3 cxd4 8. Nxd4 Nc6 9. e3 Nxd4 10. exd4 b6 11. Bd3 Bb7 12. 0-0 Be7 13. Ne4 d5 14. cxd5 Nxd5 15. Bxe7 Nxe7 16. Rfd1 Qd5 17. f3 Qxd4+ 18. Qf2 Qxf2+ 19. Kxf2 Rfd8 20. Rac1 Nd5 21. a3 f5 22. Nc3 Nxc3 23. Rxc3 Rac8 24. Rdc1 Rxc3 25. Rxc3 Rc8 26. Rb3 Kf7 27. Rb4 Ke7 28. h4 Kf6 29. Rd4 Bd5 30. g4 g6 31. Ke3 h5 32. g5+ Ke5 33. f4+ Kd6 34. Kd2 e5 35. fxe5+ Kxe5 36. Rb4 Rd8 37. Ke3 Re8 38. Kd2 Re6 39. Ke3 Kd6+ 40. Kf4 Kc5 41. Rb5+ Kd4 42. b3 Bc6 43. Bxf5 gxf5 44. Rxf5 Re4+ 45. Kg3 Rg4+ 46. Kh3 Bd5 47. b4 Be6 48. Rf6 Ke5 49. Rh6 Rxg5+ 50. Rxe6+ Kxe6 51. hxg5 Kf5 52. Kh4 Kg6 53. b5 Kf5 54. Kxh5 Ke5 55. g6 Kd5 56. g7 Kc5 57. a4 Kb4 58. g8Q Kxa4 59. Qc4+ Ka5 60. Qc6 a6 61. bxa6 Kxa6 62. Qc4+ Ka5 63. Qb3 b5 64. Kg5 b4 65. Kf5 Kb5 66. Ke5 Kc5 67. Ke4 Kb5 68. Kd4 1-0

[Event "Amager CC-ch"]
[Site "Amager"]
[Date "2011.03.08"]
[Round "4"]
[White "Friis, Jordy Ar"]
[Black "Ludeking, John"]
[Result "1-0"]
[WhiteElo "1530"]
[BlackElo "1658"]
[PlyCount "52"]
[EventDate "2011.01.25"]
[EventType "swiss"]
[EventRounds "7"]
[EventCountry "DEN"]
[SourceTitle "EXT 2023"]
[Source "ChessBase"]
[SourceDate "2022.10.05"]
[SourceVersion "1"]
[SourceVersionDate "2022.10.05"]
[SourceQuality "1"]

1. d4 Nf6 2. c4 g6 3. Nc3 Bg7 4. e4 d6 5. Be2 0-0 6. Bg5 Na6 7. Qd2 c5 8. d5 Qa5 9. Nf3 Nc7 10. 0-0 Bd7 11. e5 dxe5 12. Nxe5 Rad8 13. f4 b5 14. b3 b4 15. Nd1 Ne4 16. Qe3 Nxg5 17. fxg5 Ne8 18. Nf2 Qc7 19. Nfd3 Bf5 20. Rae1 Bxd3 21. Bxd3 Nd6 22. Kh1 Bxe5 23. Qxe5 Rde8 24. Rf3 e6 25. Ref1 exd5 26. Qxd5 Qe7 1-0

[Event "Amager CC-ch"]
[Site "Amager"]
[Date "2011.01.25"]
[Round "1"]
[White "Friis, Jordy Ar"]
[Black "Nielsen, Bjorn1111"]
[Result "1-0"]
[WhiteElo "1530"]
[BlackElo "1124"]
[PlyCount "117"]
[EventDate "2011.01.25"]
[EventType "swiss"]
[EventRounds "7"]
[EventCountry "DEN"]
[SourceTitle "EXT 2023"]
[Source "ChessBase"]
[SourceDate "2022.10.05"]
[SourceVersion "1"]
[SourceVersionDate "2022.10.05"]
[SourceQuality "1"]

1. d4 d5 2. c4 e6 3. Nc3 dxc4 4. e4 e5 5. d5 Bd6 6. Bxc4 Nf6 7. Nge2 Na6 8. 0-0 Nc5 9. f3 a5 10. Bg5 b6 11. Bb5+ Ncd7 12. Bc6 Rb8 13. Qa4 0-0 14. Rac1 Ba6 15. Rfd1 Nc5 16. Qc2 Be7 17. Be3 Ne8 18. Nb5 Bxb5 19. Bxb5 Nd7 20. Kh1 Nd6 21. Bxd7 Qxd7 22. Qxc7 Rb7 23. Qxd7 Rxd7 24. Rc6 b5 25. b3 b4 26. Rdc1 Ra8 27. Bc5 f6 28. Bxd6 Bxd6 29. Kg1 Kf7 30. Kf1 Ke7 31. Ng3 g6 32. Ke2 Rb7 33. Nf1 a4 34. Ne3 axb3 35. axb3 Ra3 36. Nc4 Ra2+ 37. Kf1 Bb8 38. Rd1 Ba7 39. Re6+ Kd7 40. Rd2 Rxd2 41. Nxd2 Bd4 42. Rxf6 Ke8 43. Nc4 Bc5 44. Re6+ Re7 45. Rxe7+ Kxe7 46. Nxe5 Bd6 47. Nc6+ Kd7 48. h3 g5 49. Ke2 Kc7 50. Kd3 Bc5 51. Kc4 Bf8 52. Nxb4 Bxb4 53. Kxb4 Kd6 54. Kc4 h6 55. Kd4 h5 56. e5+ Ke7 57. Ke4 g4 58. fxg4 hxg4 59. hxg4 1-0

[Event "Amager-ch"]
[Site "Amager"]
[Date "2010.09.07"]
[Round "3"]
[White "Friis, Jordy Ar"]
[Black "Justesen, Martin"]
[Result "0-1"]
[WhiteElo "1469"]
[BlackElo "1586"]
[PlyCount "62"]
[EventDate "2010.08.24"]
[EventType "swiss"]
[EventRounds "7"]
[EventCountry "DEN"]
[SourceTitle "EXT 2023"]
[Source "ChessBase"]
[SourceDate "2022.10.05"]
[SourceVersion "1"]
[SourceVersionDate "2022.10.05"]
[SourceQuality "1"]

1. e4 e5 2. Nf3 Nc6 3. Bc4 Nf6 4. Ng5 d5 5. exd5 b5 6. Bxb5 Qxd5 7. Bxc6+ Qxc6 8. 0-0 h6 9. Nf3 Bb7 10. Nc3 0-0-0 11. Qe2 Nd7 12. d3 g5 13. Qe4 Be7 14. Qxc6 Bxc6 15. Be3 g4 16. Nd2 a6 17. Nc4 f5 18. Na5 Ba8 19. Nb3 f4 20. Bd2 f3 21. g3 h5 22. Ne4 Bxe4 23. dxe4 h4 24. Bc3 hxg3 25. fxg3 Rh3 26. Kh1 Rdh8 27. Rf2 R8h7 28. Rd1 Nc5 29. Nxc5 Bxc5 30. Rfd2 f2 31. Rxf2 Bxf2 0-1

[Event "Amager-ch"]
[Site "Amager"]
[Date "2010.08.31"]
[Round "2"]
[White "Jensen, Thore Nyboe"]
[Black "Friis, Jordy Ar"]
[Result "1/2-1/2"]
[WhiteElo "1965"]
[BlackElo "1469"]
[PlyCount "88"]
[EventDate "2010.08.24"]
[EventType "swiss"]
[EventRounds "7"]
[EventCountry "DEN"]
[SourceTitle "EXT 2023"]
[Source "ChessBase"]
[SourceDate "2022.10.05"]
[SourceVersion "1"]
[SourceVersionDate "2022.10.05"]
[SourceQuality "1"]

1. e4 c6 2. d4 d5 3. e5 Bf5 4. c4 e6 5. Nc3 Ne7 6. h4 h6 7. g4 Bg6 8. Nge2 Nd7 9. Nf4 a6 10. b3 Qc7 11. c5 b6 12. cxb6 Nxb6 13. Nxg6 Nxg6 14. Bd3 Bb4 15. Bd2 Nf4 16. Qf3 Nxd3+ 17. Qxd3 Qb7 18. 0-0 Qe7 19. Qg3 Rc8 20. Rad1 c5 21. Ne2 cxd4 22. Nxd4 Bxd2 23. Rxd2 Qb4 24. Qd3 Rc3 25. Qxa6 0-0 26. Qb5 Qxb5 27. Nxb5 Rc5 28. a4 Nd7 29. f4 Rfc8 30. Nd6 R8c6 31. b4 Rc3 32. Kg2 Rb3 33. b5 Rcc3 34. Rff2 Ra3 35. Rc2 Rxc2 36. Rxc2 Rxa4 37. Rc8+ Kh7 38. Nxf7 Rxf4 39. Nd6 Rxg4+ 40. Kh3 Rb4 41. h5 Nxe5 42. Rc7 Rb3+ 43. Kh4 Rb4+ 44. Kh3 Rb3+ 1/2-1/2

[Event "Amager CC-ch"]
[Site "Amager"]
[Date "2010.01.19"]
[Round "1"]
[White "Friis, Jordy Ar"]
[Black "Varming, Thomas"]
[Result "1/2-1/2"]
[WhiteElo "1586"]
[BlackElo "1801"]
[PlyCount "42"]
[EventDate "2010.01.19"]
[EventType "swiss"]
[EventRounds "7"]
[EventCountry "DEN"]
[SourceTitle "EXT 2023"]
[Source "ChessBase"]
[SourceDate "2022.10.05"]
[SourceVersion "1"]
[SourceVersionDate "2022.10.05"]
[SourceQuality "1"]

1. e4 d5 2. d4 c6 3. exd5 cxd5 4. Bd3 Nf6 5. c3 Qb6 6. Qc2 Nc6 7. Bf4 g6 8. Nd2 Bg7 9. Ngf3 Bg4 10. 0-0 Rc8 11. Qb3 Qxb3 12. axb3 0-0 13. Rfe1 Nh5 14. Be3 a5 15. h3 Bxf3 16. Nxf3 Ra8 17. Bb5 e6 18. Bd2 Nf6 19. Bf4 Ne4 20. Nd2 Nxd2 21. Bxd2 Rfc8 1/2-1/2

[Event "Amager-ch"]
[Site "Amager"]
[Date "2009.10.27"]
[Round "7"]
[White "Friis, Jordy Ar"]
[Black "Sorensen, Rikke"]
[Result "1-0"]
[WhiteElo "1548"]
[BlackElo "1300"]
[PlyCount "149"]
[EventDate "2009.09.01"]
[EventType "swiss"]
[EventRounds "7"]
[EventCountry "DEN"]
[SourceTitle "EXT 2023"]
[Source "ChessBase"]
[SourceDate "2022.10.05"]
[SourceVersion "1"]
[SourceVersionDate "2022.10.05"]
[SourceQuality "1"]

1. e4 e5 2. Nf3 Nc6 3. Bc4 Be7 4. d4 d6 5. d5 Nb4 6. a3 Na6 7. Bxa6 bxa6 8. Qd3 Nf6 9. 0-0 0-0 10. c4 Qd7 11. Nc3 Bb7 12. b4 Rfc8 13. h3 c6 14. Be3 Nh5 15. Ne2 Rc7 16. Rfc1 Bc8 17. Rab1 f5 18. exf5 Qxf5 19. Qxf5 Bxf5 20. Rb3 Rac8 21. dxc6 Rxc6 22. g4 Rxc4 23. Rxc4 Rxc4 24. gxf5 e4 25. Nfd4 d5 26. Rc3 a5 27. Rxc4 dxc4 28. Nc6 Bf6 29. Nf4 Nxf4 30. Bxf4 axb4 31. Nxb4 Kf7 32. Kf1 g6 33. fxg6+ Kxg6 34. Ke2 Kf5 35. Bg3 c3 36. Nc2 Ke6 37. Ke3 Kd5 38. Bb8 a6 39. Bc7 Bh4 40. Bf4 Kc4 41. Bg3 Bxg3 42. fxg3 Kb3 43. Nd4+ Kxa3 44. Kxe4 Kb2 45. Kd3 a5 46. Nb5 a4 47. g4 a3 48. Nxa3 Kxa3 49. Kxc3 Ka4 50. Kc4 Ka5 51. Kc5 Ka6 52. Kc6 Ka5 53. Kd6 Kb6 54. Ke7 Kc7 55. Kf7 Kd6 56. Kg7 Ke5 57. Kxh7 Kf4 58. Kh6 Kg3 59. g5 Kxh3 60. g6 Kg4 61. g7 Kf4 62. g8Q Ke5 63. Qg5+ Ke4 64. Kg6 Kd4 65. Qf4+ Kd5 66. Kf5 Kc6 67. Qe5 Kb6 68. Qc3 Kb5 69. Ke5 Kb6 70. Kd6 Kb5 71. Kd5 Kb6 72. Qc6+ Ka5 73. Qb7 Ka4 74. Kc4 Ka5 75. Qb5# 1-0

[Event "Amager Spring"]
[Site "Amager"]
[Date "2009.05.12"]
[Round "2"]
[White "Friis, Jordy Ar"]
[Black "Gade, Jens"]
[Result "1/2-1/2"]
[WhiteElo "1519"]
[BlackElo "1468"]
[PlyCount "156"]
[EventDate "2009.05.05"]
[EventType "swiss"]
[EventRounds "5"]
[EventCountry "DEN"]
[SourceTitle "EXT 2023"]
[Source "ChessBase"]
[SourceDate "2022.10.05"]
[SourceVersion "1"]
[SourceVersionDate "2022.10.05"]
[SourceQuality "1"]

1. e4 e5 2. Nf3 Nc6 3. Bb5 a6 4. Ba4 Nf6 5. Qe2 d6 6. 0-0 Be7 7. c3 0-0 8. h3 b5 9. Bb3 Bb7 10. a4 b4 11. a5 bxc3 12. bxc3 Na7 13. d3 c5 14. Nbd2 Nb5 15. Bb2 Nd7 16. Nc4 Kh8 17. Nfd2 f5 18. Ne3 f4 19. Nd5 Bxd5 20. Bxd5 Rb8 21. Rfb1 Qc8 22. Be6 Qe8 23. Nc4 Nc7 24. Bg4 Nf6 25. Bf5 g6 26. Bg4 Nxg4 27. Qxg4 Qc8 28. Qxc8 Rfxc8 29. Nb6 Rd8 30. d4 cxd4 31. cxd4 Bf6 32. Rd1 Na8 33. dxe5 Bxe5 34. Bxe5+ dxe5 35. Nxa8 Rxa8 36. Rd5 Rxd5 37. exd5 Kg7 38. Rd1 Kf7 39. Kf1 Ke7 40. Ke2 Kd6 41. Rb1 Kxd5 42. Rb7 Re8 43. Kd3 h5 44. Rb6 Re6 45. Rb7 Rd6 46. Re7 Re6 47. Rb7 e4+ 48. Ke2 Rf6 49. Rd7+ Kc6 50. Re7 f3+ 51. gxf3 exf3+ 52. Ke3 Kd6 53. Rb7 Kc5 54. Rb1 g5 55. Rd1 g4 56. hxg4 hxg4 57. Rg1 Kb5 58. Rxg4 Kxa5 59. Rh4 Kb5 60. Rh5+ Kb6 61. Rg5 a5 62. Rh5 a4 63. Rd5 a3 64. Rd3 Kb5 65. Rxa3 Kb4 66. Ra1 Kc3 67. Rg1 Kc4 68. Rg3 Kd5 69. Rxf3 Re6+ 70. Kf4 Rf6+ 71. Kg3 Rg6+ 72. Kh4 Ke5 73. Kh5 Rg8 74. Re3+ Kf4 75. Ra3 Rh8+ 76. Kg6 Rg8+ 77. Kf7 Rg2 78. Ra4+ Kf3 1/2-1/2

[Event "Amager Spring"]
[Site "Amager"]
[Date "2009.05.02"]
[Round "1"]
[White "Henriksen, Carsten W"]
[Black "Friis, Jordy Ar"]
[Result "1/2-1/2"]
[WhiteElo "1822"]
[BlackElo "1519"]
[PlyCount "72"]
[EventDate "2009.05.05"]
[EventType "swiss"]
[EventRounds "5"]
[EventCountry "DEN"]
[SourceTitle "EXT 2023"]
[Source "ChessBase"]
[SourceDate "2022.10.05"]
[SourceVersion "1"]
[SourceVersionDate "2022.10.05"]
[SourceQuality "1"]

1. e4 e6 2. d4 d5 3. exd5 exd5 4. Nf3 Bd6 5. Bd3 Nf6 6. Qe2+ Qe7 7. Qxe7+ Bxe7 8. 0-0 0-0 9. Bf4 c6 10. Bg5 h6 11. Bh4 Be6 12. Nbd2 Nbd7 13. Ne5 Rfe8 14. f4 Nxe5 15. fxe5 Nd7 16. Bxe7 Rxe7 17. Nf3 c5 18. c3 cxd4 19. cxd4 Rc8 20. Rac1 Ree8 21. Nh4 Nb6 22. b3 Rxc1 23. Rxc1 Rc8 24. Rxc8+ Nxc8 25. Kf2 Ne7 26. Ke3 Nc6 27. a3 Na5 28. b4 Nc6 29. g3 b6 30. Bb5 Ne7 31. Kd3 Bf5+ 32. Ke3 Be4 33. Bd7 g5 34. Nf3 Kg7 35. Nd2 Bf5 36. Bb5 f6 1/2-1/2

[Event "Amager CC-ch B"]
[Site "Amager"]
[Date "2008.03.29"]
[Round "2"]
[White "Larsen, Julie"]
[Black "Friis, Jordy Ar"]
[Result "0-1"]
[WhiteElo "1011"]
[BlackElo "1218"]
[PlyCount "64"]
[EventDate "2008.03.23"]
[EventType "tourn"]
[EventRounds "9"]
[EventCountry "DEN"]
[SourceTitle "EXT 2023"]
[Source "ChessBase"]
[SourceDate "2022.10.05"]
[SourceVersion "1"]
[SourceVersionDate "2022.10.05"]
[SourceQuality "1"]

1. e4 c5 2. Nf3 d6 3. d4 cxd4 4. Nxd4 Nf6 5. Nc3 Nc6 6. Bb5 Bd7 7. Qd3 a6 8. Ba4 Ne5 9. Qe2 Bxa4 10. Nxa4 Qa5+ 11. Nc3 Nc6 12. Nb3 Qc7 13. Bf4 g6 14. 0-0 Bg7 15. Rad1 0-0 16. Rfe1 Rad8 17. Nc5 Nh5 18. Nd5 Nxf4 19. Nxf4 dxc5 20. Nd5 Qa5 21. Qc4 Rd6 22. Nf4 Qb4 23. Qe2 Rxd1 24. Rxd1 Qxb2 25. Nh3 Qxa2 26. Rf1 Nd4 27. Qg4 Qxc2 28. Qh4 h6 29. Kh1 b5 30. Qf4 b4 31. Rc1 Ne2 32. Qe3 Nxc1 0-1

[Event "Amager CC-ch B"]
[Site "Amager"]
[Date "2008.03.26"]
[Round "4"]
[White "Kokholm, Henrik"]
[Black "Friis, Jordy Ar"]
[Result "1/2-1/2"]
[WhiteElo "1000"]
[BlackElo "1218"]
[PlyCount "85"]
[EventDate "2008.03.23"]
[EventType "tourn"]
[EventRounds "9"]
[EventCountry "DEN"]
[SourceTitle "EXT 2023"]
[Source "ChessBase"]
[SourceDate "2022.10.05"]
[SourceVersion "1"]
[SourceVersionDate "2022.10.05"]
[SourceQuality "1"]

1. d4 Nf6 2. Nf3 d5 3. e3 c5 4. c4 cxd4 5. exd4 Bf5 6. Nc3 e6 7. a3 Be7 8. Be2 0-0 9. h3 Ne4 10. Nd2 Nxc3 11. bxc3 Nc6 12. g4 Bg6 13. Nf3 Be4 14. Rg1 dxc4 15. Nd2 Bd5 16. Bf3 Re8 17. Nf1 Na5 18. Ne3 Bxf3 19. Qxf3 Nb3 20. Rb1 Qc7 21. Ke2 Nxc1+ 22. Rgxc1 b6 23. a4 Bg5 24. a5 Rab8 25. Rb5 Bxe3 26. fxe3 bxa5 27. Rc5 Qh2+ 28. Kd1 Qa2 29. Rc7 Qb3+ 30. Kd2 Rf8 31. Rf1 Qb2+ 32. Ke1 Qxc3+ 33. Kf2 Qd3 34. Kg1 f6 35. Kg2 c3 36. Qc6 Qe2+ 37. Rf2 Qxe3 38. Qd7 Qe4+ 39. Kg3 Qg6 40. Qxe6+ Kh8 41. Rxc3 Qe8 42. Qa6 Rc8 43. Ra3 1/2-1/2